Normal view MARC view
  • Macaulay H & Llewellyn R

Entry Personal Name

Number of records used in: 2

001 - CONTROL NUMBER

  • control field: 177128

003 - CONTROL NUMBER IDENTIFIER

  • control field: OSt

005 - DATE AND TIME OF LATEST TRANSACTION

  • control field: 20230314152141.0

008 - FIXED-LENGTH DATA ELEMENTS

  • fixed length control field: 230314|| aca||aabn | a|a d

040 ## - CATALOGING SOURCE

  • Original cataloging agency: OSt
  • Transcribing agency: OSt

100 ## - HEADING--PERSONAL NAME

  • Personal name: Macaulay H & Llewellyn R

670 ## - SOURCE DATA FOUND

  • Source citation: Work cat.: (OSt)136998: Macaulay H & Llewellyn R, Hospital Planning And Administration, 1995